00282nam a2200121Ia 4500008004100000082001000041245001800051250000600069260004100075300000800116630001800124730001800142090124s9999 xx 000 0 und d b35782 a राखण a1 bकुंभार म.रा.c2008 a216 a राखण a राखण